Statistics for Moscow Administrative Okrugs

Click here to take the quiz!

General Stats

  • This quiz has been taken 11 times
  • The average score is 9 of 12

Answers on the Map

Answers color-coded by a green-red scale on the quiz's map according to % correct below.
 

Answer Stats

Okrug% Correct
Central
100%
Eastern
86%
North-Eastern
86%
Northern
86%
North-Western
86%
South-Eastern
86%
Southern
86%
South-Western
86%
Western
86%
Troitsky
57%
Zelenogradsky
57%
Novomoskovsky
43%

Score Distribution

Percentile by Number Answered

Percent of People with Each Score

Your Score History

You have not taken this quiz